[Event "Women's Speed Chess Q1"]
[Site "chess.com INT"]
[Date "2021.05.28"]
[Round "7"]
[White "Papp, Petra"]
[Black "Mohota, Nisha"]
[Result "1-0"]
[WhiteTitle "WGM"]
[BlackTitle "IM"]
[WhiteElo "2336"]
[BlackElo "2195"]
[WhiteFideId "739049"]
[BlackFideId "5004330"]
[EventDate "2021.05.28"]

1. e4 Nf6 2. e5 Nd5 3. d4 d6 4. Nf3 dxe5 5. Nxe5 c6 6. Be2 Bf5 7. O-O Nd7 8. Nf3
e6 9. c4 N5f6 10. Nc3 Bd6 11. b3 h6 12. Bb2 O-O 13. Qd2 e5 14. dxe5 Nxe5 15.
Rad1 Nxf3+ 16. Bxf3 Bc7 17. Na4 Qxd2 18. Rxd2 Ne4 19. Bxe4 Bxe4 20. Nc5 Bg6 21.
Nxb7 a5 22. Rd7 Rfc8 23. Re1 Bf5 24. Rd4 Ra7 25. Nd6 Bxd6 26. Rxd6 Be6 27. Red1
a4 28. f3 axb3 29. axb3 Ra2 30. Be5 Ra3 31. Rd8+ Rxd8 32. Rxd8+ Kh7 33. Rb8 Ra2
34. Rb6 Re2 35. Bg3 Rb2 36. Bc7 h5 37. h4 Kg6 38. Kh2 Kf5 39. Kg3 Rb1 40. Rxc6
Rxb3 41. Rc5+ Kg6 42. Rg5+ Kh6 43. Bf4 Bxc4 44. Rc5+ Kg6 45. Rxc4 Rb1 46. Rc6+
f6 47. Be3 Rb3 48. Bd4 Rb1 49. Rc3 Rb5 50. Rc2 Rb7 51. Kf2 Rb5 52. g4 Rd5 53.
Be3 hxg4 54. fxg4 Rb5 55. h5+ Kh7 56. Kg3 Ra5 57. Rc5 Ra4 58. Rc7 Ra3 59. Kf3
Rb3 60. h6 Ra3 61. Rxg7+ Kh8 62. Rf7 f5 63. Rxf5 Rb3 64. Rf7 Rxe3+ 65. Kxe3 Kg8
66. Ra7 1-0

[Event "Women's Speed Chess Q1"]
[Site "chess.com INT"]
[Date "2021.05.28"]
[Round "7"]
[White "Kiolbasa, Oliwia"]
[Black "Sviridova, Vlada"]
[Result "0-1"]
[WhiteTitle "WIM"]
[BlackTitle "WFM"]
[WhiteElo "2255"]
[BlackElo "2144"]
[WhiteFideId "1154613"]
[BlackFideId "24109606"]
[EventDate "2021.05.28"]

1. e4 e6 2. d4 d5 3. e5 c5 4. c3 Qb6 5. Nf3 Nc6 6. Na3 cxd4 7. cxd4 Bb4+ 8. Bd2
Nge7 9. Nc2 Bxd2+ 10. Qxd2 Qxb2 11. Bd3 Qb6 12. Ne3 Qa5 13. Rb1 Qxd2+ 14. Kxd2
h6 15. h4 Rb8 16. h5 Bd7 17. g4 f6 18. Nc2 Rf8 19. Ke3 Kd8 20. Nh4 fxe5 21. dxe5
Nxe5 22. Be2 Bc6 23. Nd4 Bd7 24. f4 N5c6 25. Nhf3 Nxd4 26. Nxd4 Nc6 27. Rhf1 Ke7
28. g5 Nxd4 29. Kxd4 Kd6 30. gxh6 gxh6 31. Bd3 b6 32. Ke3 Rbc8 33. Rg1 d4+ 34.
Kxd4 Rxf4+ 35. Ke3 Rh4 36. Rbd1 Rc3 37. Kd2 Ra3 38. Kc1 Ba4 39. Rd2 Kc5 40. Kb2
Kb4 41. Bg6 Re3 42. Rf1 Bb5 43. Rf6 a5 0-1

[Event "Women's Speed Chess Q1"]
[Site "chess.com INT"]
[Date "2021.05.28"]
[Round "7"]
[White "Tanishka, Kotia"]
[Black "Vargas, Gabriela"]
[Result "0-1"]
[WhiteTitle "WFM"]
[BlackTitle "WIM"]
[WhiteElo "1849"]
[BlackElo "2170"]
[WhiteFideId "25005600"]
[BlackFideId "3700860"]
[EventDate "2021.05.28"]

1. e4 e6 2. d4 d5 3. exd5 exd5 4. c4 Nf6 5. Nc3 Bb4 6. Nf3 O-O 7. Be2 dxc4 8.
Bxc4 Re8+ 9. Be3 Nd5 10. O-O Bxc3 11. bxc3 c6 12. Qb3 h6 13. Rfe1 Be6 14. Qxb7
Nb6 15. d5 Bc8 16. Bxb6 Bxb7 17. Bxd8 Rxd8 18. dxc6 Nxc6 19. Rab1 Na5 20. Be2
Rac8 21. Rb5 Bxf3 22. Bxf3 Nc4 23. Rb7 Nd6 24. Rxa7 Rxc3 25. h3 Nb5 26. Rb7 Nd4
27. Bg4 g6 28. Ree7 Rf8 29. Bd7 Rc1+ 30. Kh2 Kg7 31. a4 Kf6 32. Bb5 Ra1 33. Rec7
Ne6 34. Rc6 Rd8 35. Rbb6 Rdd1 36. Bc4 Rh1+ 37. Kg3 Ra3+ 38. f3 Re1 39. Bxe6 Rxe6
40. Rb4 Rxc6 41. Rf4+ Kg7 42. Re4 Ra6 0-1

[Event "Women's Speed Chess Q1"]
[Site "chess.com INT"]
[Date "2021.05.28"]
[Round "7"]
[White "Agrest, Inna"]
[Black "Sliwicka, Alicja"]
[Result "1-0"]
[WhiteTitle "WIM"]
[BlackTitle "WIM"]
[WhiteElo "2285"]
[BlackElo "2346"]
[WhiteFideId "1708830"]
[BlackFideId "1150677"]
[EventDate "2021.05.28"]

1. e4 c5 2. Nf3 d6 3. d4 cxd4 4. Nxd4 Nf6 5. Nc3 Bd7 6. Bg5 e6 7. f4 Nc6 8. Nb3
h6 9. Bh4 Be7 10. Bf2 g5 11. g3 Qc7 12. Qe2 a6 13. O-O-O b5 14. Bg2 Rc8 15. Rhe1
Na5 16. Kb1 Nc4 17. e5 dxe5 18. fxe5 Nh7 19. Ne4 Nxe5 20. Nec5 Bc6 21. Bxc6+
Nxc6 22. Rd7 Qxd7 23. Nxd7 Kxd7 24. Nc5+ Ke8 25. Nxe6 fxe6 26. Qxe6 Rc7 27. Bb6
Nf8 28. Qe4 Rc8 29. Qf5 Rb8 30. Bc7 Ra8 31. Bd6 Rh7 32. Bxe7 Rxe7 33. Rf1 Ne6
34. Qg6+ Kd7 35. Qxh6 Rd8 36. a3 Kc7 37. h4 b4 38. axb4 gxh4 39. gxh4 Nxb4 40.
Qf6 Rdd7 41. h5 Nd5 42. Qe5+ Kc6 43. h6 Nc5 44. Qh5 Rb7 45. Kc1 a5 46. Rg1 a4
47. Rg6+ Ne6 48. h7 Rxh7 49. Rxe6+ Kc5 50. Rh6 Rhe7 51. c3 a3 52. bxa3 1-0

[Event "Women's Speed Chess Q1"]
[Site "chess.com INT"]
[Date "2021.05.28"]
[Round "7"]
[White "Chitlange, Sakshi"]
[Black "Petrova, Irina"]
[Result "1-0"]
[WhiteTitle "WIM"]
[BlackTitle "WIM"]
[WhiteElo "2167"]
[BlackElo "2110"]
[WhiteFideId "35002899"]
[BlackFideId "14124122"]
[EventDate "2021.05.28"]

1. d4 d6 2. e4 Nf6 3. Nc3 e5 4. Nf3 Nbd7 5. Bc4 Be7 6. O-O O-O 7. a4 c6 8. Bb3
h6 9. Re1 Re8 10. h3 Bf8 11. Be3 Qc7 12. Qd2 exd4 13. Bxd4 Ne5 14. Qf4 Be6 15.
Nxe5 Bxb3 16. Nxc6 bxc6 17. cxb3 Nd7 18. b4 Ne5 19. Qd2 Rab8 20. b5 Nc4 21. Qc2
a6 22. b3 Ne5 23. Nd5 Qb7 24. Bxe5 cxd5 25. Bd4 axb5 26. exd5 Qxd5 27. Rxe8 Rxe8
28. Rd1 Qh5 29. a5 Ra8 30. b4 d5 31. Rb1 Qh4 32. Qd3 Bd6 33. Bb6 Qc4 34. Qd4 Qc2
35. Re1 Qc4 36. Rb1 Rc8 37. Qd2 Re8 38. a6 Ra8 39. a7 Bc7 40. Bc5 Bf4 41. Qd4
Bc7 42. Re1 Qc2 43. Qe3 Qa2 44. Qc3 1-0

[Event "Women's Speed Chess Q1"]
[Site "chess.com INT"]
[Date "2021.05.28"]
[Round "7"]
[White "Bulmaga, Irina"]
[Black "Mamedjarova, Turkan"]
[Result "0-1"]
[WhiteTitle "IM"]
[BlackTitle "WGM"]
[WhiteElo "2440"]
[BlackElo "2309"]
[WhiteFideId "13903063"]
[BlackFideId "13402005"]
[EventDate "2021.05.28"]

1. e4 e5 2. Nf3 Nc6 3. d4 exd4 4. Nxd4 Bc5 5. c3 Qf6 6. Be3 Nge7 7. Bc4 O-O 8.
O-O Bb6 9. Re1 d6 10. b4 Nxd4 11. cxd4 Be6 12. Na3 d5 13. e5 Qg6 14. Bf1 f6 15.
exf6 Rxf6 16. f3 Raf8 17. Kh1 Nf5 18. Bf2 Nd6 19. Bg1 Nf5 20. Nc2 Qh6 21. Bf2 c6
22. g3 Bc7 23. Kg1 Rg6 24. Bg2 Nxg3 25. Bxg3 Bxg3 26. hxg3 Rxg3 27. Rxe6 Qxe6
28. Kf2 Qg6 29. Ne3 h5 30. Qh1 Qg5 31. Nf1 Rg4 32. Rd1 h4 33. Bh3 Rgf4 34. Bg2
Qf6 35. Qh3 Rxd4 36. Re1 Rxb4 37. Kg1 Rb2 38. Ne3 Re8 39. Qd7 Re7 40. Qc8+ Kh7
41. Qg4 d4 42. Nc2 Rxc2 43. Rxe7 Rc1+ 44. Kh2 Qxe7 45. Qh5+ Kg8 46. f4 Qe3 47.
Bd5+ cxd5 48. Qxd5+ Kf8 49. Qf5+ Ke7 50. Qg5+ Kd6 51. Qg6+ Kc5 52. Qf5+ Kb4 53.
Qf8+ Rc5 54. Qe7 Qxe7 0-1

[Event "Women's Speed Chess Q1"]
[Site "chess.com INT"]
[Date "2021.05.28"]
[Round "7"]
[White "Von Herman, Brigitte"]
[Black "Zakirova, Aisha"]
[Result "0-1"]
[WhiteTitle "WFM"]
[BlackTitle "WCM"]
[WhiteElo "1991"]
[BlackElo "1585"]
[WhiteFideId "4628730"]
[BlackFideId "13719734"]
[EventDate "2021.05.28"]

1. e4 c5 2. c3 Nf6 3. e5 Nd5 4. d4 cxd4 5. Nf3 d6 6. Bc4 dxe5 7. Nxe5 Be6 8.
cxd4 a6 9. O-O b5 10. Bb3 g6 11. Nc3 Bg7 12. Re1 O-O 13. h3 b4 14. Ne4 Nc7 15.
Be3 Bxb3 16. Qxb3 Nd5 17. Rad1 Nxe3 18. Rxe3 a5 19. Ng5 a4 20. Qc4 Bxe5 21. Rxe5
Nd7 22. Re3 Nb6 23. Qxb4 Nd5 24. Qa3 Nxe3 25. fxe3 Qd5 26. Nf3 Rab8 27. Re1 Qb5
28. Qxe7 Qxb2 29. Ne5 Rbe8 30. Qg5 f6 31. Qg4 fxe5 32. dxe5 Qxe5 33. e4 Qd4+ 34.
Kh1 Qf2 35. Rd1 Qf4 36. Qe2 Qxe4 37. Qd2 Rd8 38. Qxd8 Rxd8 39. Rxd8+ Kg7 40.
Rd7+ Kh6 41. Rd1 Qe2 42. Ra1 Qb2 43. Rf1 Qxa2 44. Rf3 Qe2 45. Kh2 Qe5+ 46. Kg1
Qc5+ 47. Kh1 a3 48. Rf4 a2 49. Rh4+ Kg7 50. Ra4 Qc1+ 0-1

[Event "Women's Speed Chess Q1"]
[Site "chess.com INT"]
[Date "2021.05.28"]
[Round "7"]
[White "Szente Varga, Fruzsina"]
[Black "Frattini, Beatriz Maria"]
[Result "1/2-1/2"]
[WhiteTitle "WFM"]
[BlackTitle "WCM"]
[WhiteElo "2100"]
[BlackElo "1854"]
[WhiteFideId "712264"]
[BlackFideId "22715002"]
[EventDate "2021.05.28"]

1. e4 c5 2. Nf3 d6 3. d4 cxd4 4. Qxd4 Nc6 5. Bb5 Nf6 6. O-O e6 7. c4 Be7 8. Nc3
O-O 9. Bxc6 bxc6 10. b3 Qc7 11. Bb2 e5 12. Qd3 Be6 13. h3 Rfd8 14. Ng5 d5 15.
exd5 cxd5 16. cxd5 Bxd5 17. Nxd5 Rxd5 18. Qe2 h6 19. Nf3 e4 20. Bxf6 Bxf6 21.
Qxe4 Rad8 22. Rac1 Qa5 23. a4 Rd3 24. Qc4 Bg5 25. Nxg5 hxg5 26. Rfe1 Qf5 27. Re7
Rd2 28. Rf1 R8d7 29. Re8+ Kh7 30. Qb4 Rd8 31. Rxd8 Rxd8 32. Qc4 a5 33. b4 axb4
34. Qxb4 Qd5 35. Ra1 Rd7 36. a5 Rb7 37. Qg4 Ra7 38. Qh5+ Kg8 39. a6 Qe5 40. Qd1
Qb5 41. Qa4 Qe5 42. Kf1 g6 43. Re1 Qd6 44. Re8+ Kg7 45. Qa1+ f6 46. Qa2 Qxa6+
47. Qxa6 Rxa6 48. Re7+ Kf8 49. Rb7 Re6 50. g4 Re7 51. Rb6 Kf7 52. Kg2 Kg7 53.
Kg3 Kf7 54. h4 gxh4+ 55. Kxh4 Kg7 56. f4 Rd7 57. g5 fxg5+ 58. Kxg5 Rd5+ 59. Kg4
Rd7 60. Kg5 1/2-1/2

[Event "Women's Speed Chess Q1"]
[Site "chess.com INT"]
[Date "2021.05.28"]
[Round "7"]
[White "Girya, Olga"]
[Black "Dubnikova, Anastasia"]
[Result "1-0"]
[WhiteTitle "WGM"]
[BlackTitle "WFM"]
[WhiteElo "2451"]
[BlackElo "2197"]
[WhiteFideId "4195752"]
[BlackFideId "44153759"]
[EventDate "2021.05.28"]

1. d4 Nf6 2. Nf3 e6 3. c4 Bb4+ 4. Bd2 Qe7 5. g3 Nc6 6. b3 e5 7. d5 e4 8. dxc6
exf3 9. Bxb4 Qxb4+ 10. Qd2 Qxd2+ 11. Nxd2 fxe2 12. cxd7+ Bxd7 13. Bxe2 Bc6 14.
Bf3 Bxf3 15. Nxf3 O-O-O 16. O-O Rhe8 17. Rfe1 Ne4 18. Re3 f5 19. Rae1 g6 20. Kg2
a5 21. Ng5 Rd2 22. R1e2 Rxe2 23. Rxe2 Kd7 24. Nxe4 fxe4 25. Rd2+ Ke6 26. Kf1 Re7
27. Ke2 c6 28. Ke3 Ke5 29. Rd8 h5 30. h4 Re6 31. Rf8 b6 32. Rf4 Kd6 33. Rxe4 Rf6
34. Rf4 Re6+ 35. Re4 Rf6 36. a3 b5 37. cxb5 cxb5 38. b4 axb4 39. axb4 Kd5 40.
Rd4+ Ke5 41. Re4+ Kd5 42. Re8 Rc6 43. Re4 Rc3+ 44. Kf4 Rc2 45. f3 Rg2 46. Re5+
Kc4 47. Rg5 Kxb4 48. Rxg6 Kc3 49. g4 hxg4 50. Rc6+ Kb3 51. fxg4 b4 52. h5 Kb2
53. h6 Rh2 54. g5 b3 55. Rc7 Ka2 56. Ra7+ Kb1 57. h7 b2 58. g6 Kc1 59. Rb7 Rf2+
60. Kg3 1-0

[Event "Women's Speed Chess Q1"]
[Site "chess.com INT"]
[Date "2021.05.28"]
[Round "7"]
[White "Antolak, Julia"]
[Black "Kazarian, Anna-Maja"]
[Result "0-1"]
[WhiteTitle "WIM"]
[BlackTitle "FM"]
[WhiteElo "2306"]
[BlackElo "2096"]
[WhiteFideId "1159569"]
[BlackFideId "1033689"]
[EventDate "2021.05.28"]

1. e4 e6 2. d4 d5 3. Nd2 Nf6 4. e5 Nfd7 5. Bd3 c5 6. c3 Nc6 7. Ne2 cxd4 8. cxd4
f6 9. exf6 Qxf6 10. Nf3 h6 11. O-O Bd6 12. Be3 O-O 13. Ng3 Rd8 14. a3 Nf8 15. b4
Bd7 16. Rc1 Be8 17. Qe2 g5 18. b5 Ne7 19. Rfe1 Bg6 20. Bxg6 Nexg6 21. a4 Rac8
22. Bd2 Bf4 23. Ne5 Rxc1 24. Bxc1 Rc8 25. Bxf4 Nxf4 26. Qd2 N8g6 27. Nxg6 Qxg6
28. h3 Rc2 29. Qe3 Kf7 30. a5 h5 31. a6 b6 32. Rb1 Rxf2 33. Qxf2 Qxb1+ 34. Kh2
h4 35. Ne2 Qe4 36. Ng1 Kg7 37. Nf3 Nd3 38. Qd2 Qf4+ 39. Qxf4 Nxf4 40. Ne5 Ne2
41. Nc6 Kf6 42. Nxa7 Nxd4 43. Nc8 Nxb5 44. a7 Nxa7 45. Nxa7 d4 46. Kg1 Ke5 47.
Kf2 Kd5 48. Ke2 e5 49. Nb5 e4 50. Kd2 Kc5 51. Nc7 b5 52. Ne6+ Kc4 53. Nxg5 e3+
54. Ke2 b4 55. Ne4 b3 56. Nd6+ Kb4 57. Kd3 b2 58. Kc2 e2 0-1

[Event "Women's Speed Chess Q1"]
[Site "chess.com INT"]
[Date "2021.05.28"]
[Round "7"]
[White "Makhija, Aashna"]
[Black "Perez Rodriguez, Jennifer"]
[Result "0-1"]
[WhiteTitle "WIM"]
[BlackTitle "WIM"]
[WhiteElo "1969"]
[BlackElo "2251"]
[WhiteFideId "25011944"]
[BlackFideId "3507831"]
[EventDate "2021.05.28"]

1. e4 e5 2. Nf3 Nc6 3. Bb5 f5 4. d3 fxe4 5. dxe4 Nf6 6. O-O d6 7. Nc3 Be7 8. h3
O-O 9. Bc4+ Kh8 10. Ng5 Qe8 11. Nb5 Bd8 12. Nc3 Nd4 13. Be3 h6 14. Nf3 Ne6 15.
Qd2 Qg6 16. Nh4 Qh5 17. g3 Nh7 18. Be2 Qf7 19. Nf5 Nhg5 20. f3 Nxh3+ 21. Kg2
Nhg5 22. Rh1 Qg6 23. Rh2 Nf7 24. Rah1 Bg5 25. Bc4 Bxe3 26. Qxe3 Nf4+ 27. Kf2
Bxf5 28. exf5 Qxf5 29. gxf4 exf4 30. Qe4 Qxe4 31. Nxe4 Ne5 32. Bb3 Rae8 33. Ng5
Rf6 34. Ne4 Rg6 35. Rg2 Rxg2+ 36. Kxg2 Kh7 37. Rd1 g5 38. Nf2 Kg6 39. c3 h5 40.
Bc2+ Kg7 41. Ne4 g4 42. fxg4 hxg4 43. Kf2 Rh8 44. Rg1 f3 45. Ke3 Rh2 46. Bd1 Kf7
47. Rf1 Ke6 48. Nf2 g3 49. Nd3 g2 50. Rg1 Rh1 51. Nf4+ Kd7 52. Kf2 Ng4+ 53. Kxf3
Rxg1 54. Nh3 Rxd1 55. Kxg2 Ne3+ 56. Kf3 Nc4 57. Nf4 Ne5+ 58. Ke4 Rb1 59. b3 Rb2
60. a4 Rxb3 61. Ng6 Rxc3 62. Nxe5+ dxe5 63. Kxe5 Ra3 64. Kd4 Rxa4+ 0-1

[Event "Women's Speed Chess Q1"]
[Site "chess.com INT"]
[Date "2021.05.28"]
[Round "7"]
[White "Fernandez, Maria Florencia"]
[Black "Bommini, Mounika Akshaya"]
[Result "1-0"]
[WhiteTitle "WIM"]
[BlackTitle "WFM"]
[WhiteElo "2229"]
[BlackElo "2029"]
[WhiteFideId "116459"]
[BlackFideId "25019872"]
[EventDate "2021.05.28"]

1. d4 Nf6 2. c4 c5 3. d5 e6 4. Nc3 exd5 5. cxd5 d6 6. e4 g6 7. f4 Bg7 8. Bb5+
Nfd7 9. a4 O-O 10. Nf3 a6 11. Bd3 Qc7 12. O-O c4 13. Bc2 Re8 14. Re1 Nc5 15. Be3
Nbd7 16. h3 Rb8 17. Bf2 b5 18. axb5 axb5 19. e5 b4 20. exd6 Rxe1+ 21. Qxe1 Qxd6
22. Ne4 Nxe4 23. Qxe4 b3 24. Bd1 Bxb2 25. Ra7 c3 26. Bxb3 Nf6 27. Qc4 Bd7 28.
Bc5 Qxd5 29. Qxd5 Nxd5 30. Bxd5 c2 31. Be3 Re8 32. Rc7 Rxe3 33. Rxc2 Bf6 34. Rc7
Be8 35. Rc8 Kf8 36. Kf2 Re7 37. Bc6 Re6 38. Bb5 Re7 39. g4 Bc3 40. Ng5 Bd4+ 41.
Kf3 Kg7 42. Rxe8 Rb7 43. Bd3 Rb3 44. Ke4 Bf6 45. Rc8 Rb4+ 46. Kf3 Rd4 47. Be4
Rd2 48. Re8 Bd4 49. Kg3 f6 50. Ne6+ Kf7 51. Rh8 Kxe6 52. Rxh7 Bf2+ 53. Kf3 Bd4
54. Bxg6 Rf2+ 55. Kg3 Rf1 56. Bf5+ Kd5 57. Rb7 Bf2+ 58. Kg2 1-0

[Event "Women's Speed Chess Q1"]
[Site "chess.com INT"]
[Date "2021.05.28"]
[Round "7"]
[White "Nurmanova, Alua"]
[Black "Li, Xueyi"]
[Result "1-0"]
[WhiteTitle "WFM"]
[BlackTitle "WGM"]
[WhiteElo "2008"]
[BlackElo "2328"]
[WhiteFideId "13729390"]
[BlackFideId "8605912"]
[EventDate "2021.05.28"]

1. e4 c6 2. d4 d5 3. e5 Bf5 4. h4 h5 5. Bd3 Bxd3 6. Qxd3 Qa5+ 7. Nd2 Qa6 8. c4
e6 9. Ngf3 Nh6 10. Qc2 Nd7 11. b3 Nf5 12. Bb2 Be7 13. g3 b6 14. O-O Qb7 15. Rfe1
O-O 16. Rac1 Rac8 17. Qd3 g6 18. Nf1 c5 19. cxd5 Qxd5 20. Rcd1 Rfd8 21. Qb5 Qxf3
22. d5 Nf8 23. d6 Bxh4 24. Rd3 Qg4 25. Nh2 Qh3 26. gxh4 Qxh4 27. Bc1 Nd4 28. Qc4
b5 29. Qc3 Nh7 30. Rh3 b4 31. Qd3 c4 32. bxc4 Ne2+ 33. Rxe2 Qxc4 34. Qxc4 Rxc4
35. Bb2 a5 36. Rd3 Rd7 37. Nf3 a4 38. Nd4 a3 39. Bxa3 bxa3 40. Nb5 Ng5 41. Nxa3
Rc1+ 42. Kg2 f6 43. f4 Nf7 44. Rde3 fxe5 45. fxe5 Nh6 46. Rc2 Ra1 47. Rec3 Nf7
48. Nc4 Re1 49. Nb6 Rd8 50. Rc8 Kg7 51. Rxd8 Nxd8 52. Rc8 Nf7 53. Nc4 Rd1 54.
Rc7 g5 55. d7 g4 56. Nd6 Rd2+ 57. Kf1 Rd1+ 58. Ke2 Rd5 59. Nxf7 1-0

[Event "Women's Speed Chess Q1"]
[Site "chess.com INT"]
[Date "2021.05.28"]
[Round "7"]
[White "Dhyana, Patel"]
[Black "Nandhidhaa, P V"]
[Result "0-1"]
[WhiteTitle "WFM"]
[BlackTitle "WGM"]
[WhiteElo "1947"]
[BlackElo "2365"]
[WhiteFideId "35006908"]
[BlackFideId "5050847"]
[EventDate "2021.05.28"]

1. e4 c5 2. Nf3 Nc6 3. Bb5 e5 4. O-O Bd6 5. d3 Nf6 6. Bg5 h6 7. Bxf6 Qxf6 8. Nc3
a6 9. Nd5 Qd8 10. Bc4 Be7 11. a4 d6 12. c3 Bg4 13. Ne3 Be6 14. Bxe6 fxe6 15. Qb3
Qd7 16. Nc4 Qd8 17. Qxb7 Qc8 18. Qxc8+ Rxc8 19. Rfd1 Rb8 20. Rab1 Kd7 21. h3 Bf6
22. Kf1 Rb7 23. Ke2 Rhb8 24. Rd2 Rb3 25. Rc2 d5 26. Ncd2 R3b7 27. h4 Kd6 28. g4
g5 29. hxg5 hxg5 30. b3 Ne7 31. c4 Ng6 32. exd5 Nf4+ 33. Ke3 exd5 34. cxd5 Kxd5
35. Ne4 Be7 36. Nfxg5 Rxb3 37. Rxb3 Rxb3 38. Rd2 c4 39. Nf3 cxd3 40. Ne1 Bd8 41.
Nxd3 Bb6+ 42. Kf3 Rxd3+ 43. Rxd3+ Nxd3 44. Nf6+ Ke6 45. g5 Nf4 46. Kg4 Bxf2 47.
Ne4 Bd4 48. a5 Kd5 49. Nf6+ Kc6 50. Kf5 Kb5 51. g6 Nxg6 52. Kxg6 Kxa5 53. Kf5
Kb4 54. Ke4 a5 55. Nd5+ Kb3 56. Kd3 a4 57. Nf6 a3 58. Ne4 a2 59. Nd2+ Kb2 60.
Nc4+ Kb3 61. Nd2+ Ka4 62. Ke4 a1=Q 63. Nf3 Qb1+ 64. Kd5 Qb7+ 65. Ke6 Qxf3 0-1

[Event "Women's Speed Chess Q1"]
[Site "chess.com INT"]
[Date "2021.05.28"]
[Round "7"]
[White "Chu, Ruotong"]
[Black "Swati, Mohota"]
[Result "1-0"]
[WhiteTitle "WIM"]
[BlackTitle "WFM"]
[WhiteElo "2207"]
[BlackElo "2027"]
[WhiteFideId "8605653"]
[BlackFideId "5006511"]
[EventDate "2021.05.28"]

1. d4 d5 2. c4 c6 3. cxd5 cxd5 4. Bf4 Nc6 5. e3 a6 6. Bd3 Nf6 7. Nc3 b5 8. h3 e6
9. Rc1 Bb7 10. Nf3 Bd6 11. Ne5 Rc8 12. O-O Bxe5 13. Bxe5 Nxe5 14. dxe5 Nd7 15.
Qh5 g6 16. Qh6 Qe7 17. e4 Qf8 18. Qf4 d4 19. Ne2 Nc5 20. Bb1 d3 21. Nd4 Qg7 22.
b4 Nd7 23. Rxc8+ Bxc8 24. Bxd3 Qxe5 25. Qe3 O-O 26. a3 Bb7 27. Rc1 Rc8 28. Rxc8+
Bxc8 29. f4 Qc7 30. e5 Qc3 31. Ne2 Qc7 32. Qd4 Nb6 33. Be4 Bb7 34. Bxb7 Qxb7 35.
Nc3 Qd7 36. Qxb6 Kg7 37. Qc5 Qd2 38. Kh2 Qxf4+ 39. Kh1 Qf1+ 40. Qg1 Qf4 41. Ne2
Qxe5 42. Qd4 Qxd4 43. Nxd4 Kf6 44. Nb3 Ke5 45. Nc5 Kd4 46. Nxa6 Kc4 47. Nc7 e5
48. Kg1 e4 49. Kf2 f5 50. Ke3 g5 51. g3 Kb3 52. Nxb5 Ka4 53. Nd4 Kxa3 54. b5 Kb4
55. b6 Kc5 56. b7 Kd6 57. b8=Q+ Kd5 58. Qb5+ Kd6 59. Qc6+ Ke7 60. Qe6+ Kd8 61.
Nxf5 Kc7 62. Qd6+ Kb7 63. Ne7 h5 64. Qc6+ Kb8 65. Nd5 g4 66. Qc7+ Ka8 67. Nb6# 1-0

[Event "Women's Speed Chess Q1"]
[Site "chess.com INT"]
[Date "2021.05.28"]
[Round "7"]
[White "Tarini, Goyal"]
[Black "Pandey, Srishti"]
[Result "1/2-1/2"]
[WhiteTitle "WFM"]
[BlackTitle "WFM"]
[WhiteElo "2164"]
[BlackElo "2026"]
[WhiteFideId "5082749"]
[BlackFideId "35093290"]
[EventDate "2021.05.28"]

1. d4 Nf6 2. c4 c5 3. d5 b5 4. cxb5 a6 5. e3 g6 6. Nc3 Bg7 7. a4 O-O 8. Nf3 d6
9. e4 Nbd7 10. Be2 axb5 11. Bxb5 Ba6 12. Qe2 Bxb5 13. Nxb5 Nb6 14. a5 Nc8 15. a6
Qb6 16. Nc3 e6 17. O-O exd5 18. exd5 Re8 19. Qb5 Qxb5 20. Nxb5 Nxd5 21. Rd1 Ncb6
22. Kf1 Red8 23. Bg5 Rd7 24. Bc1 Nb4 25. a7 Nc4 26. Bf4 Bxb2 27. Rab1 d5 28. Nd2
Nxd2+ 29. Bxd2 Be5 30. Bxb4 cxb4 31. Rxb4 f6 32. f4 Rb7 33. fxe5 Raxa7 34. Nxa7
Rxb4 35. exf6 Rf4+ 36. Ke2 Rxf6 37. Rxd5 Re6+ 38. Kf3 Ra6 39. Nb5 Ra5 40. Nc7
Ra3+ 41. Ke2 Ra2+ 42. Rd2 Ra5 43. Nd5 Ra7 44. Kf3 Rf7+ 45. Kg3 Kg7 46. Nf4 Ra7
47. Rd3 Ra6 48. Rd7+ Kg8 49. Nd5 h6 50. Ne7+ Kf8 51. Nxg6+ Rxg6+ 52. Kh3 Kg8 53.
Rd5 Rf6 54. Rd2 Kg7 55. Re2 Kg6 56. Kg3 Kg5 57. Rf2 Rc6 58. Rf3 Rc5 59. Re3 Rb5
60. Kf3 Kg6 61. g3 Rb2 62. h4 Rb5 63. Rd3 h5 64. Rd6+ Kg7 65. Kf4 Ra5 66. Rd4
Kg6 67. Rc4 Ra6 68. Rd4 Rf6+ 69. Ke3 Re6+ 70. Kf3 Rf6+ 71. Rf4 Re6 72. Re4 Rf6+
73. Ke3 Rb6 74. Re5 Rb3+ 75. Kf4 Rb4+ 76. Re4 Rb1 77. Re6+ Kg7 78. Kg5 Rb5+ 79.
Kf4 Rb4+ 80. Re4 Rb3 81. Re3 Rb4+ 82. Re4 Rb3 83. Re3 Rb4+ 84. Kg5 Rb5+ 85. Kf4
Rb4+ 1/2-1/2

[Event "Women's Speed Chess Q1"]
[Site "chess.com INT"]
[Date "2021.05.28"]
[Round "7"]
[White "Samaganova, Alexandra"]
[Black "Osmak, Iulija"]
[Result "1/2-1/2"]
[WhiteTitle "WFM"]
[BlackTitle "IM"]
[WhiteElo "1993"]
[BlackElo "2425"]
[WhiteFideId "13800221"]
[BlackFideId "14101602"]
[EventDate "2021.05.28"]

1. c4 g6 2. Nc3 Bg7 3. g3 e5 4. Bg2 f5 5. e3 Nf6 6. Nge2 O-O 7. O-O d6 8. d4 e4
9. Rb1 Be6 10. b3 Bf7 11. f3 exf3 12. Bxf3 d5 13. cxd5 Nxd5 14. Qd3 Nc6 15. Nxd5
Bxd5 16. Bxd5+ Qxd5 17. Qc4 Qxc4 18. bxc4 b6 19. Nf4 Rfe8 20. Nd5 Rac8 21. Bd2
Ne7 22. Nf4 Bh6 23. Nd3 Nc6 24. Nf4 Bxf4 25. Rxf4 Re7 26. a4 Rce8 27. a5 Nxa5
28. Bxa5 bxa5 29. Rb5 Rxe3 30. Rxa5 Re1+ 31. Rf1 R1e4 32. Rxa7 R8e7 33. Rd1 Rd7
34. c5 Kf7 35. Kf2 Ke6 36. d5+ Rxd5 37. Rxd5 Kxd5 38. Rxc7 h6 39. Rh7 h5 40. Rc7
Re6 41. Kf3 g5 42. Rg7 g4+ 43. Kf4 Re2 44. Kxf5 Rxh2 45. Kg5 Kxc5 46. Rh7 Kd6
47. Rxh5 Rf2 48. Rh6+ Ke7 49. Kxg4 Kf7 50. Ra6 Kg7 51. Kg5 Rf7 52. g4 Rb7 53.
Rc6 Rb5+ 54. Kh4 Ra5 55. Rc7+ Kg6 56. Rc6+ Kg7 57. Rc4 Kf6 58. Rf4+ Kg6 59. Rb4
Ra6 60. Rb5 Rc6 61. Rd5 Rb6 62. Rd4 Ra6 63. Rd8 Rb6 64. Rg8+ Kh7 65. Ra8 Kg6 66.
Ra7 Rc6 67. Rb7 Ra6 68. Rb8 Rc6 69. Kg3 Rc3+ 70. Kf4 Rc4+ 71. Kf3 Rc3+ 72. Kf4
Rc4+ 73. Kg3 Rc3+ 74. Kh4 Rc6 75. Rd8 Ra6 76. Rd5 Rc6 77. Rg5+ Kf6 78. Rf5+ Kg6
79. Rg5+ Kf6 80. Rh5 Rc1 81. Rh6+ Kg7 82. Ra6 Rc5 83. g5 Rc1 84. Kh5 Rh1+ 85.
Kg4 Rg1+ 86. Kf4 Rf1+ 87. Kg4 Rg1+ 88. Kf5 Rf1+ 89. Ke5 Rf2 90. Rb6 Rf1 91. Ra6
Rf2 92. Rb6 Rf3 93. Ra6 Rf1 94. Rb6 Rf2 95. Ra6 Rf1 96. Rb6 Rf2 97. Ra6 Rb2 98.
Ra7+ Kg6 99. Kf4 Rb4+ 100. Ke3 Kxg5 101. Ra5+ Kg4 102. Kd3 Kf4 103. Kc3 Rb8 104.
Ra4+ Ke3 105. Ra7 Rc8+ 106. Kb4 Kd4 107. Rd7+ Ke5 108. Rd1 Ke4 109. Ka5 Rb8 110.
Ka6 Rb2 111. Ka7 Ke3 112. Rd8 Ke4 113. Ka6 Ke5 114. Ka5 Ke6 115. Ka4 Ke7 116.
Rd1 Rc2 117. Kb3 Rc8 118. Kb4 Rc7 119. Kb5 Rb7+ 120. Kc6 Rb2 121. Kc7 Ke6 122.
Kc8 Ke5 123. Kc7 Ke4 124. Kc8 Ke3 125. Rd7 Ke4 126. Rc7 Kd5 127. Rd7+ Kc6 128.
Rc7+ Kd6 129. Rd7+ Ke6 130. Rd1 Rc2+ 131. Kb7 Rc3 132. Kb6 Rh3 133. Kc6 Rc3+
134. Kb5 Ke5 135. Kb4 Rc7 136. Kb5 Ke6 137. Kb6 Rc4 138. Kb5 Rc8 139. Kb6 Ke7
140. Kb7 Rh8 141. Kc7 Rh2 142. Re1+ Kf6 143. Kd6 Rf2 144. Kc6 Kf5 145. Kd5 Kf4
146. Kd4 Kf3 147. Kd3 Ra2 148. Rf1+ Kg2 149. Rf8 Ra3+ 150. Kc2 Ra2+ 1/2-1/2